| 000 | 00747cab a2200193 4500 | ||
|---|---|---|---|
| 001 | L129786 | ||
| 008 | 050519n2005 000 0 eng u | ||
| 035 | _a(Sirsi) u129786 | ||
| 041 | _aeng | ||
| 100 | _aBrymer, Stewart | ||
| 245 |
_aThinking of buying or selling a home _bthink single survey? |
||
| 260 | _c2005 | ||
| 490 |
_aProperty Law _v(74) February 2005, 1-3(3) |
||
| 520 | _aDiscusses the progress of the single survey pilot scheme considering it's take up, whether better information is provided and the reasons why sellers have been unwilling to participate. | ||
| 650 | _aSCOTLAND | ||
| 650 | _aSCOTTISH SINGLE SURVEY SCHEME | ||
| 690 | _aPROPERTY-RESIDENTIAL PROPERTY-RESIDENTIAL PROPERTY APPRAISAL AND VALUATION | ||
| 942 | _n0 | ||
| 999 |
_c75273 _d75273 |
||